000 01121nmm a2200313 a 4500
001 ocm0001683099
003 TR-IsHL
005 20201028170134.0
008 180102s2011 tu tur
007 cr cn
020 _a9789752691803
035 _a1683099
_b(N$T)
050 0 4 _aDR495
_b.B34 2011
090 0 4 _aDR495
_b.B34 2011
100 1 _aBahadıroğlu, Yavuz
245 1 0 _aI. Murad: kalpleri keşfeden padişah
_h[electronic resource] /
_cYavuz Bahadıroğlu ; editör Mehmet Paksu
260 _aİstanbul :
_bNesil Yayınları,
_c2011
300 _a64 p.
500 _aKaynakça var.
_x
650 4 _aFelsefe, Psikoloji ve Din
650 4 _aPhilosophy, Psychology and Religion
650 0 _aI. Murad, Türk sultanı, 1326-1389
650 0 _aMurad I, Sultan of the Turks, 1326-1389
650 0 _aTürkiye
_x Tarih
_x 1288-1453
_x Kaynaklar
650 0 _aTurkey
_x History
_x 1288-1453
650 7 _aHISTORY / Middle East / Turkey & Ottoman Empire
_2bisacsh
700 1 _aPaksu, Mehmet
856 4 0 _uhttp://search.ebscohost.com/login.aspx?direct=true&scope=site&db=e011xww&AN=1683099
999 _c16116
_d16116